[Event "ICS rated blitz match"]
[Site "204.178.125.65"]
[Date "2000.11.14"]
[Round "?"]
[White "Hossa"]
[Black "PostModernist"]
[Result "0-1"]
[WhiteElo "2543"]
[BlackElo "2660"]
[PlyCount "256"]
[EventDate "2000.??.??"]

1. e4 Nc6 2. Nf3 f5 3. exf5 d5 4. Nh4 e5 5. Qh5+ g6 6. fxg6 Nf6 7. g7+ Nxh5 8.
gxh8=Q Qxh4 9. Qxh7 Nd4 10. Nc3 c6 11. Qg6+ Kd8 12. g3 Qg4 13. Bd3 e4 14. Qxg4
Bxg4 15. Nxe4 Nf3+ 16. Kf1 Bh3+ 17. Ke2 Bg2 18. Ng5 Nxg5 19. Rg1 Bf3+ 20. Ke1
Nh3 21. Rf1 Kc7 22. Bg6 Nf6 23. d4 Ng4 24. Be3 Bg2 25. Ke2 Bxf1+ 26. Rxf1 Bb4
27. f3 Nxe3 28. Kxe3 Rg8 29. Bf5 Ng5 30. h4 Nf7 31. Kf2 Nh6 32. Bd3 Re8 33. c3
Bd6 34. Rg1 c5 35. a3 Kc6 36. Rh1 c4 37. Bc2 a5 38. f4 b6 39. Kf3 Rg8 40. Rg1
Ng4 41. Rg2 Nf6 42. g4 b5 43. g5 Nh5 44. Rg4 b4 45. cxb4 axb4 46. axb4 Kb5 47.
f5 Kxb4 48. f6 c3 49. b3 Rf8 50. Rg1 Nf4 51. Ra1 Kb5 52. Bf5 Nh5 53. Bd3+ Kb4
54. Bc2 Kb5 55. Kg4 Rh8 56. f7 Ng7 57. Bd3+ Kc6 58. Ra6+ Kd7 59. g6 Be7 60. h5
Kc7 61. Ra7+ Kd6 62. Ra1 Rxh5 63. Ra6+ Kc7 64. Kg3 Bf8 65. Bb5 Kb7 66. Kg4 c2
67. Ra1 Rh2 68. Rc1 Rd2 69. Bd7 Kc7 70. Ba4 Ne6 71. b4 Nxd4 72. Kg5 Rf2 73. Kh5
Rg2 74. b5 Kb6 75. Kh4 Be7+ 76. Kh3 Rxg6 77. Bxc2 Rf6 78. Ba4 Rxf7 79. Kg2 Rg7+
80. Kf1 Ka5 81. Ra1 Rg5 82. Kf2 Bc5 83. Bd1+ Kxb5 84. Rb1+ Kc4 85. Rc1+ Kb4 86.
Kf1 Rg1+ 87. Kxg1 Ne2+ 88. Kf1 Nxc1 89. Bf3 d4 90. Ke1 Nb3 91. Be4 Kc3 92. Bf3
d3 93. Bd1 Nd4 94. Kf1 d2 95. Ba4 Kb2 96. Kg2 Kc1 97. Kh3 d1=Q 98. Bc6 Qf3+ 99.
Bxf3 Nxf3 100. Kg4 Nd4 101. Kf4 Kd2 102. Ke5 Kd3 103. Kd5 Bb4 104. Ke5 Ba5 105.
Kf6 Ke4 106. Ke7 Nb5 107. Kd7 Na7 108. Kd6 Bb6 109. Ke6 Bc7 110. Kf6 Nc8 111.
Kg5 Be5 112. Kh5 Kf3 113. Kg5 Nd6 114. Kh4 Nf7 115. Kh3 Ng5+ 116. Kh4 Kf4 117.
Kh5 Kf5 118. Kh4 Bf4 119. Kh5 Bg3 120. Kh6 Ne6 121. Kh5 Ng7+ 122. Kh6 Kf6 123.
Kh7 Nf5 124. Kh8 Bd6 125. Kg8 Kg6 126. Kh8 Be7 127. Kg8 Nh6+ 128. Kh8 Bf6# {
Hossa checkmated} 0-1

[Event "ICS rated blitz match"]
[Site "204.178.125.65"]
[Date "2000.11.14"]
[Round "?"]
[White "Valg"]
[Black "Hossa"]
[Result "0-1"]
[WhiteElo "2546"]
[BlackElo "2532"]
[PlyCount "130"]
[EventDate "2000.??.??"]

1. e4 Nc6 2. Nf3 f5 3. exf5 d5 4. Bb5 Bxf5 5. Ne5 Qd6 6. d4 Bd7 7. Nxd7 Qxd7 8.
O-O Nf6 9. c3 O-O-O 10. Qe2 e6 11. f3 Re8 12. f4 Bd6 13. Be3 Rhf8 14. Nd2 Kb8
15. b4 Rf7 16. Bd3 Ne7 17. Nf3 Nf5 18. Bd2 Rff8 19. Rae1 g6 20. Ng5 Re7 21. Rf3
Bxb4 22. Bb5 Qc8 23. g4 e5 24. gxf5 exd4 25. Qxe7 Bxe7 26. Rxe7 Qxf5 27. Ne6
Qg4+ 28. Rg3 Qd1+ 29. Bf1 Rh8 30. cxd4 Qxd2 31. a3 Re8 32. Rxe8+ Nxe8 33. Rd3
Qe1 34. Nc5 Kc8 35. h3 Nd6 36. Rf3 Nf5 37. Nd3 Qd1 38. Rf2 Nxd4 39. Ne5 Qb3 40.
Bg2 c6 41. Bf3 Qxa3 42. Kg2 Qe3 43. Ng4 Qe1 44. Ne5 Kc7 45. Nf7 Qe3 46. Bg4 b6
47. Rf1 a5 48. Ng5 h5 49. Bd1 Qd2+ 50. Kg1 h4 51. Bg4 Ne2+ 52. Bxe2 Qxe2 53.
Rf2 Qe3 54. Kg2 c5 55. Rf3 Qe1 56. Rf1 Qg3+ 57. Kh1 b5 58. Rg1 Qe3 59. Rb1 Kc6
60. Rf1 a4 61. Nf3 a3 62. Kg2 Qxf4 63. Rf2 Qg3+ 64. Kf1 Qxh3+ 65. Kg1 Qg3+ {
Valg resigns} 0-1

[Event "ICS rated blitz match"]
[Site "204.178.125.65"]
[Date "2000.11.14"]
[Round "?"]
[White "Hossa"]
[Black "PostModernist"]
[Result "0-1"]
[WhiteElo "2549"]
[BlackElo "2671"]
[PlyCount "140"]
[EventDate "2000.??.??"]

1. d4 Nf6 2. c4 g6 3. g3 Bg7 4. Bg2 O-O 5. Nc3 Nc6 6. Nf3 d5 7. cxd5 Nxd5 8. e4
Nb6 9. d5 Na5 10. O-O c6 11. Re1 Re8 12. Bg5 h6 13. Bc1 cxd5 14. exd5 e6 15.
Rb1 exd5 16. Rxe8+ Qxe8 17. Nxd5 Bf5 18. Ra1 Rd8 19. Nh4 Nxd5 20. Nxf5 Nc3 21.
Nd6 Nxd1 22. Nxe8 Rxe8 23. Bd2 Nc4 24. Rxd1 Rd8 25. b3 Nb2 26. Re1 Rxd2 27.
Re8+ Bf8 28. Bxb7 Nd3 29. a3 Kg7 30. b4 Ra2 31. Bd5 Rxa3 32. b5 Bc5 33. Rc8
Bxf2+ 34. Kg2 Bb6 35. h4 Ne1+ 36. Kf1 Nf3 37. Re8 Nh2+ 38. Kg2 Ng4 39. Bf3 Ne3+
40. Kh3 Nf5 41. Kg2 Bc7 42. h5 gxh5 43. Rc8 Bxg3 44. Re8 Nh4+ 45. Kxg3 Nxf3 46.
Kg2 Nd4 47. Rd8 Nxb5 48. Rd5 Rb3 49. Rxh5 a5 50. Rh4 Rb4 51. Rh3 a4 52. Rg3+
Kh7 53. Rf3 Rb2+ 54. Kg1 a3 55. Rxf7+ Kg8 56. Rf4 a2 57. Ra4 Na3 58. Ra8+ Kf7
59. Ra7+ Ke6 60. Rxa3 Rb1+ 61. Kg2 a1=Q 62. Re3+ Qe5 63. Kf2 Rf1+ 64. Ke2 Re1+
65. Kxe1 Qxe3+ 66. Kf1 Qd2 67. Kg1 Kf5 68. Kh1 Kg4 69. Kg1 Kg3 70. Kh1 Qe1# {
Hossa checkmated} 0-1

[Event "ICS rated blitz match"]
[Site "204.178.125.65"]
[Date "2000.11.14"]
[Round "?"]
[White "PostModernist"]
[Black "Hossa"]
[Result "1-0"]
[WhiteElo "2681"]
[BlackElo "2539"]
[PlyCount "137"]
[EventDate "2000.??.??"]

1. e4 Nc6 2. Nf3 f5 3. exf5 d5 4. Bb5 Bxf5 5. Ne5 Qd6 6. d4 Bd7 7. Bxc6 Bxc6 8.
O-O Qe6 9. Nc3 O-O-O 10. Nxc6 Qxc6 11. Bf4 Nf6 12. a4 Kb8 13. Nb5 Rd7 14. Re1
e6 15. Re3 Bb4 16. c3 Bf8 17. Qe2 Re7 18. Re1 a6 19. Nxc7 Rxc7 20. Rxe6 Qd7 21.
Qe5 Kc8 22. Qf5 b6 23. Qd3 Kb7 24. Bxc7 Qxc7 25. a5 Bd6 26. axb6 Qxb6 27. R6e2
Qc7 28. Ra1 Ra8 29. Kh1 Qc4 30. Qc2 Qc6 31. Rae1 Rb8 32. Qd3 Qc4 33. Qh3 Qc7
34. g3 Qc8 35. Qg2 Kc7 36. Rc1 Rb3 37. c4 Kb8 38. c5 Bf8 39. f3 Qf5 40. Rf1 g6
41. Qf2 Qh3 42. Ra1 Kb7 43. c6+ Ka7 44. Qe1 Bd6 45. Re7+ Bxe7 46. Qxe7+ Kb8 47.
Qd8+ Qc8 48. c7+ Kb7 49. Rxa6 Rxb2 50. Ra7+ Kxa7 51. Qxc8 Rb1+ 52. Kg2 h6 53.
Qf8 Nd7 54. Qe7 Rb2+ 55. Kh3 Rc2 56. Qxd7 Kb6 57. c8=Q Rxc8 58. Qxc8 h5 59.
Qc5+ Kb7 60. Kh4 g5+ 61. Kxh5 Ka6 62. Kxg5 Kb7 63. Qxd5+ Kb6 64. Qc5+ Kb7 65.
d5 Ka6 66. d6 Kb7 67. d7 Ka6 68. d8=Q Kb7 69. Qdc8# {Hossa checkmated} 1-0

[Event "ICS rated blitz match"]
[Site "204.178.125.65"]
[Date "2000.11.15"]
[Round "?"]
[White "Hossa"]
[Black "Amy"]
[Result "0-1"]
[WhiteElo "2529"]
[BlackElo "2660"]
[PlyCount "146"]
[EventDate "2000.??.??"]

1. e3 e5 2. d4 e4 3. c4 Nf6 4. Nc3 Bb4 5. Bd2 Bxc3 6. Bxc3 d5 7. Bb4 Nc6 8. Bc5
b6 9. Ba3 Be6 10. Qa4 Qd7 11. c5 Ne7 12. c6 Qd8 13. Ba6 Rb8 14. Ne2 Bc8 15.
Bxc8 Rxc8 16. Nc3 O-O 17. Qa6 Re8 18. Bxe7 Qxe7 19. a3 Qd6 20. Nb5 Qxc6 21.
Nxa7 Qa8 22. b4 Rb8 23. b5 c5 24. Nc6 Qxa6 25. bxa6 Ra8 26. dxc5 bxc5 27. Rc1
Rxa6 28. Rxc5 Rxa3 29. O-O Ra2 30. h3 Kf8 31. g4 g5 32. Kg2 Rc8 33. Rb1 d4 34.
exd4 e3 35. Rf1 Ne4 36. Nb4 Nxc5 37. Nxa2 e2 38. Rc1 Rd8 39. Re1 Nd3 40. Rxe2
Nf4+ 41. Kf3 Nxe2 42. Kxe2 Rxd4 43. Nc3 Kg7 44. Ke3 Rb4 45. Ke2 Rb2+ 46. Kf1
Rb3 47. Ne4 Rxh3 48. Nxg5 Rh4 49. f3 f5 50. gxf5 Kf6 51. Ne4+ Kxf5 52. Kg2 Rh6
53. Kg3 Rg6+ 54. Kf2 h5 55. Ng3+ Kg5 56. Ne2 Rd6 57. Ke3 h4 58. Nf4 Kf5 59. Nh3
Rd1 60. Nf2 Re1+ 61. Kd2 Re8 62. Nh3 Rg8 63. Ke3 Rg3 64. Nf2 h3 65. Ne4 Rg2 66.
Nd6+ Ke6 67. Nb5 h2 68. f4 h1=Q 69. Nc7+ Kf5 70. Nb5 Qc1+ 71. Kd4 Rd2+ 72. Ke3
Qe1+ 73. Kf3 Qf2# {Hossa checkmated} 0-1

[Event "ICS rated blitz match"]
[Site "204.178.125.65"]
[Date "2000.11.15"]
[Round "?"]
[White "Amy"]
[Black "Hossa"]
[Result "1-0"]
[WhiteElo "2687"]
[BlackElo "2519"]
[PlyCount "187"]
[EventDate "2000.??.??"]

1. Nc3 e6 2. e3 Nf6 3. Bb5 a6 4. Be2 Nc6 5. Nf3 d5 6. O-O e5 7. d4 e4 8. Ne5
Bd6 9. Nxc6 bxc6 10. Na4 O-O 11. c4 Kh8 12. Nc3 a5 13. c5 Be7 14. Bd2 Bf5 15.
Qa4 Ra7 16. Nb1 Qb8 17. Bc3 Qb7 18. Nd2 Bg4 19. Bxg4 Nxg4 20. Nb3 Ra6 21. Nxa5
Qc8 22. Qb3 Qd7 23. Rfc1 Rfa8 24. Qa4 Qf5 25. Rc2 Bh4 26. Rf1 Bd8 27. Qa3 R6a7
28. Bb4 Bh4 29. Qc3 Ra6 30. a3 Rb8 31. Nb3 Raa8 32. Ba5 Rb7 33. h3 Nf6 34. Bb4
Rba7 35. Rb1 Rd8 36. Rbc1 Rda8 37. Na5 Ra6 38. Qd2 Bg5 39. Qe1 R8a7 40. Nb3 Rb7
41. Qe2 Rb5 42. Bc3 Ra8 43. Nd2 Rbb8 44. Bb4 Rb7 45. Nb3 Rb5 46. Rc3 Ra7 47.
Nd2 Rb8 48. f4 Bh4 49. g4 Qg6 50. Qg2 Ng8 51. Qf1 Ne7 52. f5 Qf6 53. Qf4 Ng8
54. Qe5 Qd8 55. R3c2 h5 56. Qf4 Bg5 57. Qf2 hxg4 58. hxg4 Nh6 59. Qg3 Qg8 60.
Nb1 Qh7 61. Nc3 Nxg4 62. Qxg4 Bxe3+ 63. Kg2 Bxc1 64. Rxc1 Qh6 65. Rh1 Rg8 66.
Qh5 Raa8 67. Qxf7 Raf8 68. Qd7 Rf6 69. Rxh6+ gxh6+ 70. Kh3 Rg5 71. Qd8+ Kg7 72.
Qxc7+ Kf8 73. Qc8+ Kg7 74. Qb7+ Kg8 75. Nxd5 Rh5+ 76. Kg4 Rg5+ 77. Kh4 cxd5 78.
Qxd5+ Kg7 79. c6 Rgxf5 80. Qxf5 Rxf5 81. c7 Rf4+ 82. Kg3 Rf3+ 83. Kg2 Re3 84.
c8=Q Re2+ 85. Kh3 Rxb2 86. Qd7+ Kg6 87. Bf8 Rb3+ 88. Kh4 Rb6 89. Qg7+ Kf5 90.
Qe5+ Kg6 91. Kg4 Rf6 92. Qxe4+ Kf7 93. Qe7+ Kg8 94. Qg7# {Hossa checkmated} 1-0

[Event "ICS Rated bullet match"]
[Site "204.178.125.65"]
[Date "2000.11.15"]
[Round "?"]
[White "Hossa"]
[Black "explosiv-gent"]
[Result "1-0"]
[WhiteElo "2441"]
[BlackElo "1892"]
[PlyCount "75"]
[EventDate "2000.??.??"]

1. d4 e6 2. Nc3 d5 3. e4 Nf6 4. exd5 Be7 5. Bb5+ c6 6. dxc6 bxc6 7. Be2 O-O 8.
Nf3 Nbd7 9. O-O Bb7 10. Bg5 c5 11. Qd2 Rb8 12. Rab1 Be4 13. Bf4 Rb7 14. Nxe4
Nxe4 15. Qe3 Ndf6 16. Rfd1 cxd4 17. Nxd4 Bc5 18. Bf3 Nd6 19. Bxd6 Qxd6 20. Bxb7
Bxd4 21. Qxd4 Qc7 22. Bf3 Qa5 23. Ra1 Qc7 24. c4 Qb8 25. b3 Qc7 26. Rd2 Qa5 27.
Re1 h6 28. Qd6 Qg5 29. Re5 Qf4 30. Rxe6 fxe6 31. Qxf4 Re8 32. Qc7 Kh8 33. Qxa7
e5 34. a4 e4 35. Be2 e3 36. fxe3 Rxe3 37. Qxe3 Kh7 38. Bd3+ {
explosiv-gent resigns} 1-0

[Event "ICS rated blitz match"]
[Site "204.178.125.65"]
[Date "2000.11.15"]
[Round "?"]
[White "Hossa"]
[Black "Olopezh"]
[Result "1-0"]
[WhiteElo "2510"]
[BlackElo "1901"]
[PlyCount "47"]
[EventDate "2000.??.??"]

1. Nc3 d5 2. d4 e6 3. e4 dxe4 4. Nxe4 Nf6 5. Nxf6+ Qxf6 6. Nf3 h6 7. Bd3 Bd6 8.
O-O O-O 9. Be3 Nc6 10. c3 e5 11. Qc2 exd4 12. Nxd4 Ne5 13. Nb5 Nxd3 14. Qxd3
Bf5 15. Qc4 a6 16. Nxd6 cxd6 17. Rfd1 b5 18. Qc6 Rfd8 19. Bb6 Rac8 20. Bxd8
Rxd8 21. Qxa6 Qe5 22. Qb6 Rd7 23. Re1 Qf4 24. Qxb5 {Olopezh resigns} 1-0

[Event "ICS rated blitz match"]
[Site "204.178.125.65"]
[Date "2000.11.15"]
[Round "?"]
[White "MiquelOllers"]
[Black "Hossa"]
[Result "0-1"]
[WhiteElo "1925"]
[BlackElo "2511"]
[PlyCount "42"]
[EventDate "2000.??.??"]

1. e4 c5 2. Nf3 g6 3. d4 Bg7 4. dxc5 Nf6 5. Nc3 O-O 6. Bc4 Qa5 7. O-O Qxc5 8.
Bb3 Ng4 9. h3 Ne5 10. Nxe5 Qxe5 11. f4 Qc5+ 12. Kh1 Bxc3 13. bxc3 d6 14. Qe2
Qxc3 15. Bd2 Qg7 16. f5 gxf5 17. exf5 Nc6 18. Rf4 Qxa1+ 19. Kh2 Qe5 20. Qg4+
Kh8 21. Qh4 Bxf5 {MiquelOllers resigns} 0-1

[Event "ICS rated blitz match"]
[Site "204.178.125.65"]
[Date "2000.11.15"]
[Round "?"]
[White "gaudi"]
[Black "Hossa"]
[Result "0-1"]
[WhiteElo "2181"]
[BlackElo "2516"]
[PlyCount "48"]
[EventDate "2000.??.??"]

1. d4 Nf6 2. c4 e6 3. Nc3 Bb4 4. Qc2 O-O 5. g3 d5 6. Bg2 dxc4 7. Nf3 Nc6 8. e3
a6 9. O-O Re8 10. Ne5 Nxe5 11. dxe5 Nd7 12. f4 Qe7 13. Qe4 Nb6 14. Bd2 Rb8 15.
Qf3 Rd8 16. Rad1 Na4 17. a3 Nxb2 18. axb4 Nxd1 19. Nxd1 Rxd2 20. Qh5 Qxb4 21.
Nf2 c3 22. Be4 g6 23. Qh6 Rxf2 24. Rd1 Rd2 {gaudi resigns} 0-1

[Event "ICS rated blitz match"]
[Site "204.178.125.65"]
[Date "2000.11.15"]
[Round "?"]
[White "Hossa"]
[Black "zeroeffect"]
[Result "1-0"]
[WhiteElo "2520"]
[BlackElo "2047"]
[PlyCount "59"]
[EventDate "2000.??.??"]

1. Nc3 e5 2. Nf3 d6 3. d4 exd4 4. Nxd4 Nf6 5. e4 Be7 6. Bd3 Bd7 7. O-O Nc6 8.
Nf5 Bxf5 9. exf5 O-O 10. Re1 Ne5 11. Be2 c6 12. Qd4 Re8 13. Be3 Qc8 14. Qf4 b5
15. a4 a6 16. axb5 axb5 17. Bb6 Rxa1 18. Rxa1 Nfd7 19. Bd4 Bf6 20. Ne4 Be7 21.
Qg3 Bf8 22. f6 g6 23. Ra7 c5 24. Bxe5 Nxe5 25. Bxb5 Re6 26. Qc3 Qb8 27. Qa5 d5
28. Ra8 Qb6 29. Rxf8+ Kxf8 30. Qa8+ {zeroeffect resigns} 1-0

[Event "ICS rated blitz match"]
[Site "204.178.125.65"]
[Date "2000.11.15"]
[Round "?"]
[White "Viveiros"]
[Black "Hossa"]
[Result "0-1"]
[WhiteElo "1997"]
[BlackElo "2522"]
[PlyCount "56"]
[EventDate "2000.??.??"]

1. Nf3 d6 2. c4 e5 3. d3 Nf6 4. Nc3 Be7 5. e4 O-O 6. h3 Nfd7 7. d4 exd4 8. Nxd4
Nc6 9. Be3 Nxd4 10. Bxd4 Bg5 11. Be2 c5 12. Be3 Bxe3 13. fxe3 Qh4+ 14. Kd2 Nf6
15. Qc2 Qg3 16. Bf3 Be6 17. b3 Rfe8 18. Ne2 Qe5 19. Nc3 Re7 20. Raf1 Bd7 21. g4
Bc6 22. Nd5 Bxd5 23. cxd5 Nxe4+ 24. Bxe4 Qxe4 25. Qxe4 Rxe4 26. Rf3 Rae8 27.
Rhf1 f6 28. a3 R4e5 {Viveiros resigns} 0-1

[Event "ICS rated blitz match"]
[Site "204.178.125.65"]
[Date "2000.11.15"]
[Round "?"]
[White "Hossa"]
[Black "LuisGermanico"]
[Result "1-0"]
[WhiteElo "2523"]
[BlackElo "2140"]
[PlyCount "43"]
[EventDate "2000.??.??"]

1. Nc3 d5 2. d4 Nf6 3. Bf4 c6 4. e3 Bg4 5. Nf3 e6 6. Bd3 Bb4 7. a3 Bd6 8. Bxd6
Qxd6 9. h3 Bh5 10. g4 Bg6 11. Bxg6 hxg6 12. g5 Nfd7 13. Qd2 e5 14. e4 exd4 15.
Qxd4 Nb6 16. Qxg7 Rf8 17. exd5 Nxd5 18. O-O-O Nd7 19. Rhe1+ Kd8 20. Ne5 Nxe5
21. Rxe5 Kc7 22. Rdxd5 {LuisGermanico resigns} 1-0

[Event "ICS rated blitz match"]
[Site "204.178.125.65"]
[Date "2000.11.15"]
[Round "?"]
[White "Hossa"]
[Black "serg270679"]
[Result "1-0"]
[WhiteElo "2526"]
[BlackElo "1996"]
[PlyCount "43"]
[EventDate "2000.??.??"]

1. Nc3 g6 2. e4 Bg7 3. Nf3 d6 4. Bc4 Nf6 5. O-O O-O 6. d3 c5 7. e5 Ng4 8. exd6
exd6 9. Re1 Nc6 10. Bg5 Bf6 11. Bd2 Nge5 12. Bh6 Re8 13. Bb3 Bg4 14. Bd5 Nd4
15. Kh1 Bxf3 16. gxf3 Bg5 17. Bxg5 Qxg5 18. Ne4 Qh4 19. Nxd6 Red8 20. Rxe5 Rxd6
21. Bxb7 Rf6 22. Bxa8 {serg270679 resigns} 1-0

[Event "ICS rated blitz match"]
[Site "204.178.125.65"]
[Date "2000.11.15"]
[Round "?"]
[White "serg270679"]
[Black "Hossa"]
[Result "0-1"]
[WhiteElo "1995"]
[BlackElo "2527"]
[PlyCount "98"]
[EventDate "2000.??.??"]

1. e4 c5 2. Nf3 g6 3. d4 Bg7 4. c3 cxd4 5. cxd4 d5 6. e5 Nc6 7. Nc3 Nh6 8. h3
O-O 9. Be2 f6 10. exf6 Rxf6 11. O-O Rf8 12. Ne5 Nf5 13. Nxc6 bxc6 14. Be3 e5
15. g4 Nxd4 16. Bxd4 exd4 17. Na4 Qf6 18. Qd3 Rb8 19. b3 Qf4 20. Qg3 d3 21.
Bxd3 Qxg3+ 22. fxg3 Bxa1 23. Rxa1 Rf3 24. Bf1 Bb7 25. Kg2 Rbf8 26. Nc5 Bc8 27.
a4 Rc3 28. b4 a5 29. Nd3 Rxf1 30. Rxf1 Rxd3 31. bxa5 c5 32. Rb1 Kg7 33. Rb8 Ba6
34. Rb6 Rd2+ 35. Kf3 Be2+ 36. Ke3 Rc2 37. a6 Bf1 38. a7 d4+ 39. Ke4 Bg2+ 40.
Kd3 Rc3+ 41. Kd2 Ra3 42. Ra6 Ba8 43. Ra5 c4 44. g5 Ra2+ 45. Kc1 d3 46. Rc5 d2+
47. Kb1 d1=Q+ 48. Kxa2 Qb3+ 49. Ka1 Qa3+ {serg270679 resigns} 0-1

[Event "ICS rated blitz match"]
[Site "204.178.125.65"]
[Date "2000.11.15"]
[Round "?"]
[White "Hossa"]
[Black "QueenMaxima"]
[Result "1/2-1/2"]
[WhiteElo "2528"]
[BlackElo "2544"]
[PlyCount "114"]
[EventDate "2000.??.??"]

1. Nc3 d5 2. d4 Bf5 3. Bf4 c6 4. e3 Nd7 5. Bd3 Bxd3 6. cxd3 e6 7. Nf3 Ngf6 8.
O-O Be7 9. e4 O-O 10. Qb3 Nh5 11. Be3 Qb6 12. Qc2 Rad8 13. a3 f5 14. e5 f4 15.
Bc1 c5 16. dxc5 Nxc5 17. b4 Nd7 18. Bb2 a5 19. Na4 Qa6 20. Nc5 Rc8 21. d4 Nxc5
22. bxc5 b6 23. c6 Qc4 24. Rfc1 Rxc6 25. Qd1 Qb5 26. a4 Rxc1 27. Bxc1 Qc4 28.
Bb2 b5 29. axb5 Qxb5 30. Bc3 Ra8 31. Ne1 g6 32. Qg4 Ra6 33. Qd1 Bb4 34. Rb1 Rb6
35. Nd3 Qc4 36. Bxb4 axb4 37. Nc5 Kg7 38. Qa4 Kh6 39. Qa7 Rc6 40. Qa8 Qc2 41.
Rf1 Rb6 42. Qf8+ Ng7 43. Qxf4+ g5 44. Qf6+ Qg6 45. h4 gxh4 46. Qxh4+ Qh5 47.
Qd8 Rc6 48. Qf6+ Qg6 49. g4 Ne8 50. Qf8+ Qg7 51. g5+ Kxg5 52. Qxe8 Kf4+ 53. Kh2
Qh6+ 54. Kg2 Qg5+ 55. Kh2 Qh6+ 56. Kg2 Qg5+ 57. Kh2 Qh6+ {
Game drawn by repetition} 1/2-1/2

[Event "ICS rated bullet match"]
[Site "204.178.125.65"]
[Date "2000.11.15"]
[Round "?"]
[White "Hossa"]
[Black "Rootertoot"]
[Result "1-0"]
[WhiteElo "2444"]
[BlackElo "1957"]
[PlyCount "115"]
[EventDate "2000.??.??"]

1. e4 e6 2. d4 Ne7 3. Nf3 b6 4. Bd3 Bb7 5. O-O Nbc6 6. c3 h6 7. Be3 Ng6 8. Qc2
Be7 9. e5 Nf8 10. Nbd2 a6 11. Nc4 Na7 12. Be4 Bxe4 13. Qxe4 Nc6 14. Bf4 Ng6 15.
b3 Nxf4 16. Qxf4 O-O 17. a4 Bg5 18. Nxg5 Qxg5 19. Qe4 Qe7 20. a5 bxa5 21. Nxa5
Nxa5 22. Rxa5 Ra7 23. Qd3 Rfa8 24. Rfa1 Qd8 25. Rxa6 Rxa6 26. Rxa6 Rxa6 27.
Qxa6 Kf8 28. Qa7 Ke8 29. f4 Ke7 30. g4 g6 31. c4 Ke8 32. Kg2 c6 33. b4 Ke7 34.
b5 cxb5 35. cxb5 Qc8 36. Qc5+ Qxc5 37. dxc5 Kd8 38. h4 Kc7 39. h5 gxh5 40. gxh5
Kb7 41. Kf3 Kc7 42. f5 Kb7 43. b6 Kc6 44. Kg3 Kb7 45. f6 Kc6 46. Kh3 Kb7 47.
Kg4 Kc6 48. Kf4 Kb7 49. Ke3 Kc6 50. Kd3 Kb7 51. Kc3 Kc6 52. Kc4 Kb7 53. Kb5 Kb8
54. Ka6 Ka8 55. b7+ Kb8 56. Kb6 d5 57. exd6 e5 58. d7 {Rootertoot resigns} 1-0

[Event "ICS rated standard match"]
[Site "204.178.125.65"]
[Date "2000.11.15"]
[Round "?"]
[White "Hossa"]
[Black "DiepBlue"]
[Result "0-1"]
[WhiteElo "2256"]
[BlackElo "2449"]
[PlyCount "84"]
[EventDate "2000.??.??"]

1. Nc3 c5 2. e4 Nc6 3. Nf3 d6 4. Bc4 Nf6 5. O-O g6 6. Nd5 Bg7 7. Nxf6+ Bxf6 8.
d3 Qb6 9. c3 Bg4 10. Bb3 Ne5 11. Ba4+ Kd8 12. Kh1 h5 13. Qe2 Qa6 14. Bb3 Qxd3
15. Qxd3 Nxd3 16. Bxf7 e6 17. h3 Bxf3 18. gxf3 Ke7 19. Bxg6 Ne5 20. Bf5 exf5
21. f4 Nd3 22. exf5 Rhg8 23. Rb1 d5 24. Be3 d4 25. Bd2 Bh4 26. f3 Kf6 27. Rg1
Kxf5 28. Rxg8 Rxg8 29. cxd4 cxd4 30. Rf1 Rc8 31. a3 Rc2 32. Bb4 Nf2+ 33. Kh2
Ng4+ 34. Kg1 Nh2 35. b3 Nxf1 36. Kxf1 Kxf4 37. Be7 Kxf3 38. Bxh4 Rc1+ 39. Be1
d3 40. Kg1 d2 41. a4 dxe1=Q+ 42. Kh2 Qd2# {Hossa checkmated} 0-1

[Event "ICS rated bullet match"]
[Site "204.178.125.65"]
[Date "2000.11.15"]
[Round "?"]
[White "Hossa"]
[Black "Rootertoot"]
[Result "1-0"]
[WhiteElo "2452"]
[BlackElo "1953"]
[PlyCount "67"]
[EventDate "2000.??.??"]

1. e4 Nc6 2. Nf3 Nf6 3. e5 Nd5 4. d4 e6 5. Bd3 Be7 6. O-O Ncb4 7. Be2 O-O 8. c3
Nc6 9. c4 Nb6 10. d5 exd5 11. cxd5 Na5 12. Qe1 Nac4 13. Qc3 d6 14. Bxc4 Nxc4
15. Qxc4 dxe5 16. Nxe5 Bd6 17. Re1 Re8 18. Bf4 f6 19. Nf3 Rxe1+ 20. Nxe1 Bxf4
21. Qxf4 Qd6 22. Qxd6 cxd6 23. Na3 Bd7 24. Nc4 Bb5 25. Nxd6 Ba6 26. Rc1 Rd8 27.
Rc8 Rxc8 28. Nxc8 Bc4 29. b3 Bxd5 30. Ne7+ Kf7 31. Nxd5 Ke6 32. Ne3 a5 33. a4
b6 34. Nc4 {Rootertoot resigns} 1-0

[Event "ICS rated blitz match"]
[Site "204.178.125.65"]
[Date "2000.11.15"]
[Round "?"]
[White "gaudi"]
[Black "Hossa"]
[Result "0-1"]
[WhiteElo "2174"]
[BlackElo "2529"]
[PlyCount "44"]
[EventDate "2000.??.??"]

1. d4 Nf6 2. c4 e6 3. Nc3 Bb4 4. Bd2 O-O 5. a3 Be7 6. e4 d6 7. f3 e5 8. dxe5
dxe5 9. Be3 Nc6 10. Nge2 Nd7 11. Nd5 Bd6 12. b4 b6 13. Nec3 Re8 14. Be2 Nd4 15.
Bf2 a5 16. O-O c6 17. Ne3 axb4 18. axb4 Rxa1 19. Qxa1 Bxb4 20. Bd3 Nc5 21. Rd1
Nxd3 22. Rxd3 Nxf3+ {gaudi resigns} 0-1

[Event "ICS rated blitz match"]
[Site "204.178.125.65"]
[Date "2000.11.15"]
[Round "?"]
[White "Olopezh"]
[Black "Hossa"]
[Result "0-1"]
[WhiteElo "1943"]
[BlackElo "2533"]
[PlyCount "76"]
[EventDate "2000.??.??"]

1. e4 c5 2. Nf3 g6 3. d4 Bg7 4. c3 cxd4 5. cxd4 d5 6. e5 Nc6 7. Nc3 Nh6 8. Bb5
a6 9. Bxc6+ bxc6 10. O-O O-O 11. h3 a5 12. Na4 Ba6 13. Re1 Nf5 14. Nc5 Bb5 15.
b3 Qc8 16. a4 Ba6 17. Ba3 Qc7 18. Rc1 Bh6 19. Rc2 Bf4 20. g4 Ng7 21. Bc1 f5 22.
g5 Bxc1 23. Qxc1 Rfb8 24. Rc3 Rb4 25. Qe3 Bb7 26. Nd2 Bc8 27. f4 Ne6 28. h4
Nxd4 29. Nd3 Qb7 30. Nxb4 Qxb4 31. Rec1 Ba6 32. Nf3 Ne2+ 33. Kf2 d4 34. Qxe2
Bxe2 35. Rxc6 Bxf3 36. Kxf3 Qxb3+ 37. Kg2 Qxa4 38. Re6 Qa2+ {Olopezh resigns}
0-1

[Event "ICS rated blitz match"]
[Site "204.178.125.65"]
[Date "2000.11.15"]
[Round "?"]
[White "Hossa"]
[Black "Grant1"]
[Result "1-0"]
[WhiteElo "2534"]
[BlackElo "2243"]
[PlyCount "46"]
[EventDate "2000.??.??"]

1. e4 c6 2. d3 d5 3. Nd2 g6 4. g3 Bg7 5. Bg2 e5 6. Ngf3 Ne7 7. Qe2 Qc7 8. O-O
O-O 9. Nb3 h6 10. Bd2 b6 11. Bc3 d4 12. Bd2 Be6 13. c3 dxc3 14. bxc3 c5 15. Nc1
Nbc6 16. Rd1 Rad8 17. Nb3 Rfe8 18. Be3 Bg4 19. Nbd2 Qd7 20. Nc4 Kh7 21. a4 Ng8
22. Rab1 Nf6 23. Rbc1 Be6 {Grant1 resigns} 1-0

[Event "ICS rated bullet match"]
[Site "204.178.125.65"]
[Date "2000.11.15"]
[Round "?"]
[White "ElGrancubano"]
[Black "Hossa"]
[Result "0-1"]
[WhiteElo "2092"]
[BlackElo "2454"]
[PlyCount "34"]
[EventDate "2000.??.??"]

1. d4 Nf6 2. c4 e6 3. Nc3 Bb4 4. Bd2 O-O 5. Nf3 d5 6. a3 Bxc3 7. Bxc3 dxc4 8.
a4 Ne4 9. e3 Nxc3 10. bxc3 Qd5 11. Qe2 b5 12. axb5 Qxb5 13. Qxc4 Qb2 14. Rd1
Ba6 15. Qb4 Qa2 16. Bxa6 Nxa6 17. c4 Nxb4 {ElGrancubano resigns} 0-1

[Event "ICS rated blitz match"]
[Site "204.178.125.65"]
[Date "2000.11.15"]
[Round "?"]
[White "PeterCottonTail"]
[Black "Hossa"]
[Result "1/2-1/2"]
[WhiteElo "1992"]
[BlackElo "2539"]
[PlyCount "54"]
[EventDate "2000.??.??"]

1. e4 c5 2. d4 cxd4 3. c3 dxc3 4. Bc4 cxb2 5. Bxb2 d6 6. f4 Nc6 7. Nf3 Nf6 8.
Qe2 d5 9. exd5 Nxd5 10. O-O e6 11. f5 Bc5+ 12. Kh1 O-O 13. Bxd5 exd5 14. f6
gxf6 15. Nh4 Ne5 16. Nc3 Bg4 17. Qc2 Qd7 18. Rae1 Rac8 19. Qd2 Rfd8 20. Qh6 Nd3
21. Qxf6 Bh3 22. Qg5+ Kh8 23. Qf6+ Kg8 24. Qg5+ Kh8 25. Qf6+ Kg8 26. Qg5+ Kh8
27. Qf6+ Kg8 {Game drawn by repetition} 1/2-1/2

[Event "ICS rated bullet match"]
[Site "204.178.125.65"]
[Date "2000.11.15"]
[Round "?"]
[White "star2"]
[Black "Hossa"]
[Result "1-0"]
[WhiteElo "2653"]
[BlackElo "2461"]
[PlyCount "55"]
[EventDate "2000.??.??"]

1. e4 c5 2. Nf3 g6 3. d4 Bg7 4. Nc3 cxd4 5. Nxd4 Nc6 6. Be3 Qa5 7. Qd2 Nf6 8.
Nb3 Qd8 9. Bh6 Bxh6 10. Qxh6 Qb6 11. Be2 Nb4 12. O-O Nxc2 13. Rac1 Nb4 14. Nb5
Nxa2 15. Nc7+ Kd8 16. Nxa8 Qxb3 17. Bc4 Qxb2 18. Rb1 Qc2 19. Bb3 Qxe4 20. Rfe1
Qd4 21. Qg7 Rg8 22. Qxf7 e6 23. Rbd1 Qh4 24. Rxe6 Re8 25. Rxe8+ Nxe8 26. Re1
Qe4 27. Rxe4 Nc3 28. Rxe8# {Hossa checkmated} 1-0